00682nam a2200193 i 450000100060000000300090000600500170001500700030003200800410003510000280007624500760010425000150018026000370019530000410023270000440027385200320031799900170034995201220036672691ES-MaACL20230906171525.0t|040902s1969 sp ||||1| spa d1 aGodard, André.95749913aEl arte del Irán / cAndré Godard ; traducción Francisco Presedo. a[1ª ed.]. aBarcelona : bJuventud, c[1969] a399 p., 85 lám. : bil. ; c24 cm.1 aPresedo, Francisco (d1923-2000)993779 aES-MaACLjC-37951 bR.72821 c72691d72691 00104070aATENEOMbATENEOMcDEPO2d2008-01-17eSCl0oC-37951p1076095r2023-02-23 00:00:00w2023-02-23yMONOGRAFIA